Library Banner

The science of cities and regions (Record no. 61918)

MARC details
000 -LEADER
fixed length control field 00453nam a2200169Ia 4500
001 - CONTROL NUMBER
control field 61467
008 - FIXED-LENGTH DATA ELEMENTS--GENERAL INFORMATION
fixed length control field 141120s9999 xx 000 0 und d
020 ## - INTERNATIONAL STANDARD BOOK NUMBER
International Standard Book Number 9789400722651
040 ## - CATALOGING SOURCE
Transcribing agency PK-LaUMT
082 ## - DEWEY DECIMAL CLASSIFICATION NUMBER
Classification number 711.401558
Item number WIL-S
100 ## - MAIN ENTRY--PERSONAL NAME
Personal name Wilson, Alan
245 #4 - TITLE STATEMENT
Title The science of cities and regions
Remainder of title lectures on mathematical model design
Statement of responsibility, etc Wilson, Alan
260 ## - PUBLICATION, DISTRIBUTION, ETC. (IMPRINT)
Place of publication, distribution, etc London,UK:
Name of publisher, distributor, etc Springer,
Date of publication, distribution, etc 2012
300 ## - PHYSICAL DESCRIPTION
Extent 102 p.
546 ## - LANGUAGE NOTE
Language note EN
942 ## - ADDED ENTRY ELEMENTS (KOHA)
Koha item type Books
Holdings
Withdrawn status Lost status Damaged status Not for loan Home library Current library Date acquired Total Checkouts Full call number Barcode Date last seen Price effective from Koha item type
        UMT Main Campus UMT Main Campus 2014-11-17   711.401558 WIL-S 82643 2014-11-20 2014-11-20 Books